PULSES

Bibliographic Details
Other Authors: Somaatmadja, van der Maesen
Format: Book
Published: Bogor, Indonesia : PROSEA , 1992
Series:Plant resources of South-East Asia ; n. 1
Subjects:

MARC

LEADER 00000cam a2200000 7i4500
001 0000001014
005 20020307.0
020 0 0 |a 9798316002 ,   |c set   |a 9798316010 ,   |c v. 1 
090 0 0 |a R580   |b PUL 1992 
245 0 0 |a PULSES   |c editors, L. J. G. van der Maesesn and Sadikin Somaatmadja 
260 0 0 |a Bogor, Indonesia :   |b PROSEA ,   |c 1992 
300 |a 105 p. :   |b ill., map ;   |c 26 cm. 
440 0 0 |a Plant resources of South-East Asia ; n. 1 
500 0 0 |a Bibliography : [p.86-88] and index 
650 0 0 |a Botany, Economic   |z Asia, Southeastern 
650 0 0 |a Legumes   |z Asia, Southeastern 
650 0 0 |a Legumes   |z Tropics 
700 0 1 |a Somaatmadja   |h Sadikin 
700 0 1 |a van der Maesen   |h L. J. G. 
998 |a JPSM 
999 |a 0000000763   |b Monograph   |c Reference   |e Default branch